Chess Moves - Sudden Death - Statistics

General Stats
  • This quiz has been taken 390 times
  • The average score is 6 of 10
Answers on the Grid
Answers color-coded by a green-red scale on the quiz's grid according to % correct below.
Brilliant
Great
Best
Excellent
Good
Book
Inaccuracy
Mistake
Miss
Blunder
Worst
Magnificent
Opening
Bad
Error
Miscalculation
Ingenious
Nice
Fine
Marvellous
 
Answer Stats
Answer % Correct
Blunder
71%
Brilliant
63%
Best
60%
Inaccuracy
60%
Good
59%
Book
57%
Great
56%
Miss
56%
Excellent
55%
Mistake
52%
No matching quizzes found
Score Distribution
Percent of People with Each Score
Percentile by Number Answered
Your Score History
You have not taken this quiz